000 01266nam a22003737a 4500
003 CHAP
005 20220329140641.0
008 971013s1978 r 00010 d
010 _a55373
011 _a56345
035 _a60498
040 _cCHAP
082 _a635.64
_bS3
100 0 0 _aSerrano Cermeño, Zoilo.
_9105210
245 _aTomate, pimiento y berenjena en invernadero
260 _aMadrid :
_bMinisterio de Agricultura,
_c1978
300 _a247 p.
_b: ilus.
490 _aPublicaciones de extensión agraria
590 _aBATCH-UPD
_b10
_c20130110
_lUCH01
_h0339
590 _aBATCH-UPD
_b10
_c20130110
_lUCH01
_h1954
590 _aBATCH-UPD
_b10
_c20130410
_lUCH01
_h0013
590 _aBATCH-UPD
_b10
_c20130914
_lUCH01
_h0606
590 _aCONVERSION
_b10
_c20130109
_lUCH01
_h1330
650 1 4 _aBerenjena.
_911742
650 1 4 _aCapsicum annum.
_918733
650 1 4 _aCultivos en invernadero.
_930376
650 1 4 _aTomate.
_9113672
830 0 _aPublicaciones de extensión agraria
_992675
901 _aBK
942 _cLIBRO
949 _a635.64 S3
_bBC
_cLIBRO
_d-130369
_eLIBRO
_fc.2
_h46210
_i60498
_si
949 _a635.64 S3
_bBC
_cLIBRO
_d33724000601092
_eLIBRO
_h46209
_i60498
_si
949 _a635.64 S3
_bBC
_cLIBRO
_d33724002061637
_eLIBRO
_fc.3
_i60498
_si
999 _c55373
_d55373